Del don de amor al objeto a Deuda versus intercambio
I tiakina i:
| Kaituhi matua: | |
|---|---|
| Hōputu: | Pukapuka |
| Reo: | Pāniora |
| I whakaputaina: |
Buenos Aires
Letra Viva
2015
|
| Putanga: | 1a. ed |
| Rangatū: | Colección Hiatus
|
| Ngā marau: | |
| Ngā Tūtohu: |
Tāpirihia he Tūtohu
Kāore He Tūtohu, Me noho koe te mea tuatahi ki te tūtohu i tēnei pūkete!
|
MARC
| LEADER | 00000cam a2200000 a 4500 | ||
|---|---|---|---|
| 001 | UCD7003 | ||
| 003 | CL-VaPUC | ||
| 005 | 20210505001529.0 | ||
| 008 | 170303e20150000ag |||||||||||||||||spa|d | ||
| 999 | |c 367170 |d 367168 | ||
| 020 | |a 9789506495824 | ||
| 040 | |c Pontificia Universidad Católica de Valparaíso | ||
| 082 | 0 | 4 | |a 152.41 |b COL |2 21 |
| 100 | 0 | |a Coloma Arenas, Manuel |e author |9 590928 | |
| 245 | 1 | 0 | |a Del don de amor al objeto a Deuda versus intercambio |
| 250 | |a 1a. ed | ||
| 260 | |a Buenos Aires |b Letra Viva |c 2015 | ||
| 300 | |a 300 p | ||
| 490 | 0 | |a Colección Hiatus | |
| 583 | |a last modification |c 20170303 17:35:00 |k Rodrigo Vera | ||
| 600 | |a Lacan, Jacques-Marie Émile |d 1901-1981 |9 859813 | ||
| 650 | 0 | |a Psicoanálisis |9 265702 | |
| 650 | 0 | |a Amor |9 257817 | |
| 852 | |a BIBCUR | ||
| 942 | |c BK |2 ddc | ||
| 945 | |d 20170303 17:35:00 |a arojas | ||
| 952 | |0 0 |1 0 |3 erb |4 0 |6 152_410000000000000_COL_2015 |7 0 |8 A |9 481862 |a BIBEDU |b BIBEDU |i 5329671 |o 152.41 COL 2015 |p 5329671 |r 2019-11-24 |w 2019-11-24 |y BK |z Catalogado en:20170303 |k PSI | ||